All 10k+ Cities in Slovakia with a Map (hard) - Statistics

General Stats
  • This quiz has been taken 962 times
  • The average score is 38 of 72
Answers on the Map
Answers color-coded by a green-red scale on the quiz's map according to % correct below.
 
Answer Stats
Population City % Correct
476,922 Bratislava
100%
226,212 Košice
92%
81,219 Žilina
82%
74,590 Banská Bystrica
81%
76,951 Nitra
81%
82,927 Prešov
80%
62,806 Trnava
78%
49,091 Poprad
77%
54,107 Trenčín
77%
51,139 Martin
74%
32,287 Komárno
67%
30,450 Humenné
63%
30,162 Liptovský Mikuláš
63%
35,874 Michalovce
63%
39,844 Zvolen
63%
26,794 Ružomberok
61%
22,892 Dunajská Streda
60%
34,855 Spišská Nová Ves
60%
30,267 Bardejov
58%
36,781 Nové Zámky
58%
43,645 Prievidza
58%
31,081 Levice
56%
22,730 Čadca
55%
20,115 Senec
55%
18,805 Malacky
54%
37,706 Považská Bystrica
54%
15,304 Kežmarok
53%
24,617 Pezinok
53%
21,527 Rimavská Sobota
53%
19,430 Senica
53%
15,471 Skalica
53%
27,057 Piešťany
52%
18,208 Snina
52%
9,426 Banská Štiavnica
51%
25,364 Lučenec
51%
19,866 Brezno
50%
17,720 Dolný Kubín
50%
19,355 Nové Mesto nad Váhom
50%
17,122 Rožňava
50%
22,890 Trebišov
50%
15,277 Galanta
49%
14,015 Levoča
48%
17,068 Púchov
48%
9,440 Štúrovo
48%
10,705 Myjava
47%
22,023 Dubnica nad Váhom
46%
14,321 Kysucké Nové Mesto
46%
24,415 Topoľčany
46%
15,707 Stará Ľubovňa
45%
11,448 Bytča
44%
20,552 Šaľa
44%
9,909 Svidník
43%
19,992 Hlohovec
42%
17,032 Žiar nad Hronom
42%
13,704 Detva
41%
20,871 Partizánske
41%
12,206 Sabinov
41%
20,702 Vranov nad Topľou
41%
15,780 Handlová
39%
11,024 Holíč
39%
11,109 Revúca
39%
15,290 Sereď
39%
9,883 Stropkov
39%
11,820 Zlaté Moravce
38%
16,614 Bánovce nad Bebravou
37%
9,770 Fiľakovo
37%
13,566 Šamorín
37%
12,685 Stupava
36%
10,647 Veľký Krtíš
35%
10,470 Nová Dubnica
31%
10,266 Moldava nad Bodvou
28%
10,470 Kolárovo
24%
No matching quizzes found
Score Distribution
Percent of People with Each Score
Percentile by Number Answered
Your Score History
You have not taken this quiz